000
00200 a2200097 4500
020
_a
9789992467084
041
_a
spa
100
_a
Mendoza, Auxiliadora
245
_a
El Poeta y otros cuentos
942
_c
BK
999
_c
8755
_d
8755